Cross-cultural psychology : (Record no. 32139)
[ view plain ]
| 000 -LEADER | |
|---|---|
| fixed length control field | 01165cam a2200325 i 4500 |
| 001 - CONTROL NUMBER | |
| control field | 20755186 |
| 005 - DATE AND TIME OF LATEST TRANSACTION | |
| control field | 20240812153944.0 |
| 006 - FIXED-LENGTH DATA ELEMENTS--ADDITIONAL MATERIAL CHARACTERISTICS | |
| fixed length control field | m |o d | |
| 007 - PHYSICAL DESCRIPTION FIXED FIELD--GENERAL INFORMATION | |
| fixed length control field | cr_||||||||||| |
| 008 - FIXED-LENGTH DATA ELEMENTS--GENERAL INFORMATION | |
| fixed length control field | 181126t20192019nju o 001 0 eng |
| 010 ## - LIBRARY OF CONGRESS CONTROL NUMBER | |
| LC control number | 2018056367 |
| 020 ## - INTERNATIONAL STANDARD BOOK NUMBER | |
| International Standard Book Number | 9781119438458 (Adobe PDF) |
| 020 ## - INTERNATIONAL STANDARD BOOK NUMBER | |
| International Standard Book Number | 9781119438441 (ePub) |
| 020 ## - INTERNATIONAL STANDARD BOOK NUMBER | |
| Canceled/invalid ISBN | 9781119438403 |
| 040 ## - CATALOGING SOURCE | |
| Original cataloging agency | DLC |
| Language of cataloging | eng |
| Description conventions | rda |
| Transcribing agency | DLC |
| Modifying agency | DLC |
| 042 ## - AUTHENTICATION CODE | |
| Authentication code | pcc |
| 050 00 - LIBRARY OF CONGRESS CALL NUMBER | |
| Classification number | GN 502 .C75 2019 |
| 082 00 - DEWEY DECIMAL CLASSIFICATION NUMBER | |
| Classification number | 155.82 |
| Edition number | 23 |
| 245 00 - TITLE STATEMENT | |
| Title | Cross-cultural psychology : |
| Remainder of title | contemporary themes and perspectives / |
| Statement of responsibility, etc. | edited by Kenneth D. Keith. |
| 250 ## - EDITION STATEMENT | |
| Edition statement | Second Edition. |
| 300 ## - PHYSICAL DESCRIPTION | |
| Extent | 1 online resource. |
| 500 ## - GENERAL NOTE | |
| General note | Previous edition: 2011. |
| 500 ## - GENERAL NOTE | |
| General note | Includes index. |
| 650 #0 - SUBJECT ADDED ENTRY--TOPICAL TERM | |
| Topical term or geographic name as entry element | Ethnopsychology |
| Form subdivision | Cross-cultural studies. |
| 700 1# - ADDED ENTRY--PERSONAL NAME | |
| Personal name | Keith, Kenneth D. |
| Fuller form of name | (Kenneth Dwight), |
| Dates associated with a name | 1946- |
| Relator term | editor. |
| 776 08 - ADDITIONAL PHYSICAL FORM ENTRY | |
| Relationship information | Print version: |
| Title | Cross-cultural psychology |
| Edition | Second Edition. |
| Place, publisher, and date of publication | Hoboken, New Jersey : Wiley-Blackwell, 2019 |
| International Standard Book Number | 9781119438403 |
| Record control number | (DLC) 2018055955 |
| 906 ## - LOCAL DATA ELEMENT F, LDF (RLIN) | |
| a | 7 |
| b | cbc |
| c | origcop |
| d | 1 |
| e | ecip |
| f | 20 |
| g | y-gencatlg |
| 942 ## - ADDED ENTRY ELEMENTS (KOHA) | |
| Source of classification or shelving scheme | |
| Koha item type | Hard Covered Materials |
| Classification part | GN 502 .C75 2019 |
| Withdrawn status | Lost status | Source of classification or shelving scheme | Damaged status | Not for loan | Home library | Current library | Shelving location | Date acquired | Source of acquisition | Total Checkouts | Full call number | Barcode | Date last seen | Price effective from | Koha item type |
|---|---|---|---|---|---|---|---|---|---|---|---|---|---|---|---|
| MACHAKOS UNIVERSITY LIBRARY | MACHAKOS UNIVERSITY LIBRARY | Open shelf | 12/08/2024 | falcon | GN 502 .C75 2019 | 40031 | 12/08/2024 | 12/08/2024 | Hard Covered Materials |